| 000 | 00411nam a2200181Ia 4500 | ||
|---|---|---|---|
| 008 | 210210b1929 xxu||||| |||| 00| 0 eng d | ||
| 041 | _aeng | ||
| 082 | _a920/25 | ||
| 100 | _aFLEURE (H J) | ||
| 245 | _aIntroduction to geography | ||
| 250 | _a | ||
| 260 |
_aLondon _bErnest Benn Limited _c1929 |
||
| 650 | _ato | ||
| 650 | _aIntroduction | ||
| 650 | _ageography | ||
| 690 | _aHistory | ||
| 906 | _a024767 | ||
| 999 |
_c150389 _d150389 |
||